000 00615 a2200181 4500
999 _c183398
_d183398
005 20211229121012.0
010 _aENG-130588
020 _a978-934-5460-149-1
_c1501.00
035 _aEN-114120
037 _bDBAD/PUB
082 _a153.93
100 _aZahler, Kathy A.
245 _aConquering GRE Verbal Reasoning and Analytical Writing:
_cKathy A. Zahler
260 _aChennai
_bMcGraw Hill Education(india) Private Limited
_c2022
270 _aAnjana Complex No.5 /90 A, Butt Road, St. Thomas Mount
_bChennai
_e600016
300 _a229p.
_c28cm (pbk)
942 _adpl
_cEN
_2ddc
_h153.93
_mZAH